Conserving biodiversity in agricultural landscapes : model-based planning tools

Αποθηκεύτηκε σε:
Λεπτομέρειες βιβλιογραφικής εγγραφής
Άλλοι συγγραφείς: Swihart, Robert K. 1956- (Επιμελητής έκδοσης), Moore, Jeffrey E. 1974- (Επιμελητής έκδοσης)
Μορφή: Βιβλίο
Γλώσσα:English
Δημοσίευση: West Lafayette, Indiana : Purdue University Press, c2004
Θέματα:
Ετικέτες: Προσθήκη ετικέτας
Δεν υπάρχουν, Καταχωρήστε ετικέτα πρώτοι!

MARC

LEADER 00000nam a2200000 i 4500
001 1/75788
008 050509s2004 eng d
020 |a 1-55753-327-X 
035 |l 10077801 
040 |a GR-MY-UA  |b gre  |e aacr 
041 0 |a eng 
082 0 |a 333.9516  |2 (21) 
245 1 0 |a Conserving biodiversity in agricultural landscapes :  |b model-based planning tools /  |c edited by Robert K. Swihart and Jeffrey E. Moore 
260 |a West Lafayette, Indiana :   |b Purdue University Press,   |c c2004 
300 |a xiii, 336 σ.;  |b εγχρ. εικ., χαρτ.;  |c 26 εκ. 
504 |a Περιέχει βιβλιογραφία και ευρετήριο 
650 0 0 |a Agrobiodiversity conservation  |x Mathematical models. 
700 1 |a Swihart, Robert K.  |d 1956-  |4 edt 
700 1 |a Moore, Jeffrey E.  |d 1974-  |4 edt 
852 |a INST  |b LESVOS  |e 20050509  |h 333.9516 CON  |p 005100027706  |q 005100027706  |t BK  |y 0 
901 |a BIBL1-2005-2 
909 |a Λ  |b 116444 
922 |a 1ΕΛΗ  |b 200411  |c ΕΠΕΑΕΚ2/ΤΠ  |d ΜΙΧΑΛΟΠΟΥΛΟΣ 
950 |a 107-2004-09-21 
970 |a ΚΑΡΑ  |b ΓΙΑΣΕΜΗ  |z 2005/05/17